[Event "14th Dortmund Meeting"]
[Site "Dortmund GER"]
[Date "1986.??.??"]
[Round "9"]
[White "Fedorowicz, John"]
[Black "Quinteros, Miguel Angel"]
[WhiteElo "2500"]
[BlackElo "2510"]
[Result "1/2-1/2"]
[EventDate "1986.04.??"]
[PlyCount "55"]

1.d4 Nf6 2.c4 c5 3.d5 e5 4.Nc3 d6 5.e4 g6 6.Nf3 Bg7 7.Be2 O-O 8.O-O Ne8 9.
Ne1 f5 10.Nd3 Nd7 11.Rb1 Ndf6 12.f3 f4 13.b4 b6 14.bxc5 bxc5 15.Bd2 g5 16.
Nf2 h5 17.h3 Rf7 18.Qa4 Bf8 19.Rb2 g4 20.fxg4 hxg4 21.hxg4 Rg7 22.Rfb1 
Nxg4 23.Bf3 Qh4 24.Nxg4 Bxg4 25.Be1 Qh5 26.Bxg4 Qxg4 27.Qd1 Qg6 28.Qf3 
1/2-1/2

[Event "14th Dortmund Meeting"]
[Site "Dortmund GER"]
[Date "1986.??.??"]
[Round "9"]
[White "Ribli, Zoltan"]
[Black "Nikolaiczuk, Lothar"]
[WhiteElo "2585"]
[BlackElo "2295"]
[Result "1-0"]
[EventDate "1986.04.??"]
[PlyCount "45"]

1.Nf3 Nf6 2.c4 c5 3.g3 g6 4.Bg2 Bg7 5.Nc3 O-O 6.d4 Nc6 7.O-O d6 8.dxc5 
dxc5 9.Bf4 Be6 10.Ne5 Na5 11.Qa4 Ne8 12.Ne4 Qb6 13.Bd2 Bxe5 14.Bxa5 Qxb2 
15.Nxc5 Bc8 16.e3 Rb8 17.Rab1 Qe2 18.Rfe1 Qh5 19.Nd3 Bf6 20.Nf4 Qe5 21.Nd5
Qe6 22.Bb4 a6 23.Qa3 1-0

[Event "14th Dortmund Meeting"]
[Site "Dortmund GER"]
[Date "1986.??.??"]
[Round "9"]
[White "Short, Nigel D"]
[Black "Miles, Anthony John"]
[WhiteElo "2585"]
[BlackElo "2610"]
[Result "1/2-1/2"]
[EventDate "1986.04.??"]
[PlyCount "24"]

1.e4 c5 2.Nf3 d6 3.d4 cxd4 4.Nxd4 Nf6 5.Nc3 g6 6.Be2 Bg7 7.O-O O-O 8.Be3 
Nc6 9.Nb3 Bd7 10.f4 b5 11.a3 a5 12.Bf3 b4 1/2-1/2

[Event "14th Dortmund Meeting"]
[Site "Dortmund GER"]
[Date "1986.??.??"]
[Round "10"]
[White "Fedorowicz, John"]
[Black "Short, Nigel D"]
[WhiteElo "2500"]
[BlackElo "2585"]
[Result "1/2-1/2"]
[EventDate "1986.04.??"]
[PlyCount "35"]

1.d4 e6 2.c4 Nf6 3.g3 Bb4+ 4.Nd2 c5 5.Nf3 Nc6 6.a3 Bxd2+ 7.Qxd2 cxd4 8.
Nxd4 Na5 9.e3 d5 10.cxd5 Qxd5 11.f3 O-O 12.b4 e5 13.bxa5 exd4 14.Bg2 dxe3 
15.Qxd5 Nxd5 16.f4 Rd8 17.O-O Bf5 18.Re1 1/2-1/2

[Event "14th Dortmund Meeting"]
[Site "Dortmund GER"]
[Date "1986.??.??"]
[Round "10"]
[White "Hertneck, Gerald"]
[Black "Quinteros, Miguel Angel"]
[WhiteElo "2445"]
[BlackElo "2510"]
[Result "1/2-1/2"]
[EventDate "1986.04.??"]
[PlyCount "106"]

1.d4 Nf6 2.c4 d6 3.Nc3 Nbd7 4.g3 e5 5.Nf3 c6 6.Bg2 Be7 7.O-O O-O 8.Qc2 Re8
9.Rd1 Bf8 10.e4 Qc7 11.b3 b5 12.Ne2 bxc4 13.Qxc4 Nxe4 14.Nxe5 Nxe5 15.dxe5
d5 16.Rxd5 Be6 17.Bxe4 Rac8 18.Bxh7+ Kxh7 19.Qh4+ Kg8 20.Rd2 Qxe5 21.Bb2 
Qa5 22.Bc3 Qc5 23.Qd4 Qb5 24.Nf4 Bg4 25.Ng6 Qg5 26.Nxf8 Rcd8 27.h4 Rxd4 
28.hxg5 Rxd2 29.Bxd2 Kxf8 30.Be3 a6 31.Rc1 Bf3 32.Rc4 Ke7 33.Ra4 Rd8 34.
Kh2 Rh8+ 35.Rh4 Rh5 36.Kh3 Rxh4+ 37.gxh4 Ke6 38.Kg3 Bd1 39.Kf4 Kd5 40.g6 
fxg6 41.Bc1 Bc2 42.Bb2 Bb1 43.a3 Bc2 44.b4 c5 45.Bxg7 cxb4 46.axb4 Kc4 47.
Bf8 Kb5 48.Kg5 a5 49.bxa5 Kxa5 50.h5 gxh5 51.Kxh5 Kb5 52.f4 Kc6 53.f5 Bxf5
1/2-1/2

[Event "14th Dortmund Meeting"]
[Site "Dortmund GER"]
[Date "1986.??.??"]
[Round "10"]
[White "Kohlweyer, Bernd"]
[Black "Cramling, Pia"]
[WhiteElo "2285"]
[BlackElo "2400"]
[Result "0-1"]
[EventDate "1986.04.??"]
[PlyCount "81"]

1.e4 c5 2.Nc3 e6 3.Nge2 a6 4.g3 d6 5.Bg2 Nf6 6.O-O Be7 7.d3 Nc6 8.f4 Qc7 
9.h3 h5 10.Be3 b5 11.a3 Bb7 12.Qd2 Rd8 13.f5 Ne5 14.fxe6 fxe6 15.Rab1 Qd7 
16.b4 O-O 17.Nf4 g6 18.Nd1 g5 19.Ne2 Nh7 20.Nb2 Rc8 21.c3 g4 22.h4 Nf3+ 
23.Bxf3 gxf3 24.Nf4 e5 25.Ng6 Rf7 26.Nxe7+ Qxe7 27.Nd1 Qe6 28.Kh2 Kh8 29.
bxc5 dxc5 30.a4 Qd7 31.Nf2 Nf6 32.axb5 axb5 33.Qb2 Ng4+ 34.Nxg4 Qxg4 35.c4
Re8 36.Bg5 b4 37.Ra1 Bc8 38.Qf2 Rg8 39.Ra5 Rxg5 40.hxg5 h4 41.g6 0-1

[Event "14th Dortmund Meeting"]
[Site "Dortmund GER"]
[Date "1986.??.??"]
[Round "11"]
[White "Cramling, Pia"]
[Black "Kindermann, Stefan"]
[WhiteElo "2400"]
[BlackElo "2495"]
[Result "0-1"]
[EventDate "1986.04.??"]
[PlyCount "54"]

1.d4 Nf6 2.c4 g6 3.Nc3 Bg7 4.e4 d6 5.h3 O-O 6.Be3 e5 7.d5 a5 8.Bd3 Na6 9.
Nge2 Nc5 10.Bc2 c6 11.a3 cxd5 12.cxd5 Bd7 13.b4 axb4 14.axb4 Na6 15.Rb1 
Nh5 16.Qd2 Rc8 17.O-O Nf4 18.Rfc1 Qh4 19.Bd1 Nxg2 20.Kxg2 Qxh3+ 21.Kg1 f5 
22.f4 g5 23.fxg5 f4 24.Nxf4 exf4 25.Bd4 Qg3+ 26.Kh1 Bxd4 27.Qxd4 f3 0-1

[Event "14th Dortmund Meeting"]
[Site "Dortmund GER"]
[Date "1986.??.??"]
[Round "11"]
[White "Hertneck, Gerald"]
[Black "Fedorowicz, John"]
[WhiteElo "2445"]
[BlackElo "2500"]
[Result "0-1"]
[EventDate "1986.04.??"]
[PlyCount "80"]

1.d4 Nf6 2.c4 c5 3.d5 b5 4.cxb5 a6 5.bxa6 g6 6.Nc3 Bxa6 7.g3 d6 8.Bg2 Bg7 
9.Nf3 O-O 10.O-O Nbd7 11.Qc2 Nb6 12.Rd1 Ra7 13.e4 Qa8 14.Rb1 Rb8 15.b3 Ne8
16.a4 Nd7 17.Bf4 Nef6 18.e5 Nh5 19.e6 fxe6 20.dxe6 Nxf4 21.gxf4 Bb7 22.Ne1
Bxc3 23.Qxc3 Nf6 24.Rd3 Bxg2 25.Nxg2 Rxa4 26.Re1 Re4 27.f3 Rxe1+ 28.Nxe1 
Rb4 29.Ng2 Qa7 30.Kf1 Qa2 31.f5 gxf5 32.Qc1 Rxb3 33.Qg5+ Kf8 34.Rxb3 Qxb3 
35.Qxf5 Qd5 36.Qb1 Qxf3+ 37.Kg1 Qe4 38.Qb8+ Kg7 39.Qc8 Qd4+ 40.Kf1 Ne4 0-1

[Event "14th Dortmund Meeting"]
[Site "Dortmund GER"]
[Date "1986.??.??"]
[Round "11"]
[White "Short, Nigel D"]
[Black "Nikolaiczuk, Lothar"]
[WhiteElo "2585"]
[BlackElo "2295"]
[Result "1-0"]
[EventDate "1986.04.??"]
[PlyCount "47"]

1.e4 e6 2.d4 d5 3.Nc3 Nf6 4.Bg5 dxe4 5.Nxe4 Be7 6.Bxf6 Bxf6 7.Nf3 Nd7 8.
Bc4 Be7 9.Qe2 c6 10.O-O-O Qc7 11.Kb1 b6 12.h4 h6 13.Ng3 Bb7 14.Ne5 Rf8 15.
Nxf7 Rxf7 16.Bxe6 Rf8 17.Nf5 Bf6 18.d5 cxd5 19.Bxd5+ Kd8 20.Nd6 Bxd5 21.
Rxd5 a6 22.Rhd1 Ra7 23.Qe6 Be7 24.Nf5 1-0